حقوق الطفل وأحكامه في الفقه الإسلامي : دراسة فقهية مقارنة /
Saved in:
| 主要作者: | |
|---|---|
| 其他作者: | |
| 格式: | Thesis |
| 語言: | Arabic |
| 出版: |
al-Qahirah :
Jami'at al-Azhar,
2005
|
| 主題: | |
| 標簽: |
添加標簽
沒有標簽, 成為第一個標記此記錄!
|
| LEADER | 016640000a22003130004500 | ||
|---|---|---|---|
| 008 | 130527s2005 ua g 000 0 ara d | ||
| 040 | |a UIAM |b eng | ||
| 041 | |a ara | ||
| 050 | 4 | |a BP158.5.J45 | |
| 100 | 1 | |a دمهوجي، ياسر أحمد عمر | |
| 242 | 1 | 0 | |a Huquq al-tifl wa-ahkamuh fi al-fiqh al-Islami : |b dirasah fiqhiyah muqaranah |
| 245 | 1 | 0 | |a حقوق الطفل وأحكامه في الفقه الإسلامي : |b دراسة فقهية مقارنة / |c إعداد الباحث، ياسر أحمد عمر الدمهوجي ؛ إشراف، كمال جودة أبو المعاطي مصطفى |
| 260 | |a al-Qahirah : |b Jami'at al-Azhar, |c 2005 | ||
| 300 | |a 2 v. ; |c 30 cm. | ||
| 500 | |a "Risalat muqaddimat li-nayl darajat al-takhassus al-majistir" --On t.p. | ||
| 502 | |a Thesis (MA)--Jami'at al-Azhar, 2005. | ||
| 504 | |a Includes bibliographical references and index. | ||
| 596 | |a 1 | ||
| 650 | 0 | |a Children (Islamic law) | |
| 650 | 0 | |a Children's rights | |
| 650 | 0 | |a Children |x Legal status, laws, etc. | |
| 655 | |a Theses, Facsimile edition (Islamic) | ||
| 700 | 1 | |a Damhuji, Yasir Ahmad 'Umar | |
| 710 | 2 | |a جامعة الأزهر |b كلية الشريعة والقانون | |
| 710 | 2 | |a Jami'at al-Azhar. |b Kulliyat al-Shari'ah wa-al-Qanun | |
| 900 | |a nan-lfr | ||
| 999 | |c 435328 |d 464258 | ||
| 952 | |0 0 |6 TI BP 000158.5 J45 D157H 2005 V1 |7 0 |8 THESES |9 751672 |a IIUM |b IIUM |c MULTIMEDIA |g 966.00 |o ti BP 158.5 J45 D157H 2005 v1 |p 00011274182 |r 2017-10-23 |t 1 |v 966.00 |y THESIS | ||
| 952 | |0 0 |6 TI BP 000158.5 J45 D157H 2005 V2 |7 0 |8 THESES |9 757751 |a IIUM |b IIUM |c MULTIMEDIA |g 966.00 |o ti BP 158.5 J45 D157H 2005 v2 |p 00011274183 |r 2017-10-23 |t 1 |v 966.00 |y THESIS | ||
